Mouton - culture générale - Statistiques

Statistiques générales
  • Ce quiz a été pris 137 fois
    52 depuis la dernière actualisation
  • Le résultat moyen est 10 sur 15
Statistiques - réponses
Question Réponse % Correct
La femelle du mouton Brebis
100%
Fromage grec a base de lait de brebis Feta
81%
Quand le mouton cri on dit qu'il : Bêle
76%
A quelle fête mange t on traditionnellement du gigot d'agneau Pâques
76%
Dans la mythologie grec que doit voler Jason la Toison d'or
73%
Fromage bleu a base de lait de brebis le Roquefort
73%
Fête musulmane durant laquelle un mouton est traditionnellement sacrifié Aïd
70%
Quelle opération consiste à retirer la laine du mouton ? La tonte
70%
Pays avec le plus de mouton par habitant Nouvelle Zélande
68%
Comment s'appelle le bâtiment qui accueille les moutons ? la bergerie
65%
Comment s'appelle la migration du bétail entre les pâturages d'hiver et les pâturages d'été Transhumance
57%
Race de mouton réputé pour les qualités de sa laine Mérinos
51%
Equivalent sauvage du mouton présent dans les montagnes Mouflon
51%
Série d'animation britannique mettant en scène un mouton malicieux Shaun le mouton
46%
Chien utilisé pour protéger les troupeau du loup Patou
41%
Aucun quiz correspondant
Distribution des résultats
% des personnes avec chaque résultat
Percentile par nombre de réponses
Votre historique - résultats
Vous n’avez pas pris ce quiz depuis la dernière actualisation